000 00327nam a2200145 a 4500
008 000927s1979||||xx 0 und c
040 _aSNK
_bslo
_cSNK
_eAACR2
100 1 _aMarx, Karol
245 1 0 _aKapitál 1.
260 _aBratislava
_bPravda
_c1979
300 _a541 s.
020 _c34
041 _aslo
044 _axo
_cSK
999 _c15480
_d15480